Statistics for Poké Balls (Pokemon)

Click here to take the quiz!

General Stats

  • This quiz has been taken 5,136 times
  • The average score is 17 of 26

Answer Stats

Gen.DescriptionAnswer% Correct
1A device for catching wild Pokémon. It's thrown like a ball at a Pokémon, comfortably encapsulating its target.Poké Ball
99%
1An ultra-high performance Poké Ball that provides a higher success rate for catching Pokémon than a ---- Ball.Ultra Ball
98%
1The best Poké Ball with the ultimate level of performance. With it, you will catch any wild Pokémon without fail.Master Ball
97%
1A good, high-performance Poké Ball that provides a higher Pokémon catch rate than a standard Poke Ball can.Great Ball
96%
3A somewhat different Poké Ball that is more effective when attempting to catch Water- or Bug-type Pokémon.Net Ball
82%
4A somewhat different Poké Ball that has a more successful catch rate if used at the start of a wild encounter.Quick Ball
79%
1A special Poké Ball that is used only in the Great Marsh. It is decorated in a camouflage pattern.Safari Ball
77%
2A Poké Ball for catching very heavy PokémonHeavy Ball
74%
4A somewhat different Poké Ball that makes it easier to catch wild Pokémon at night or in dark places like caves.Dusk Ball
73%
4A remedial Poké Ball that restores the HP of a Pokémon caught with it and eliminiates any status conditions.Heal Ball
72%
3A somewhat different Poké Ball that works especially well when catching Pokémon that live underwater.Dive Ball
70%
2Poké Ball for catching Pokémon that are the opposite gender of your Pokémon.Love Ball
68%
2A Poké Ball for catching Pokémon that evolve using the Moon Stone.Moon Ball
68%
3A somewhat different Poké Ball that becomes progressively more effective the more turns that are taken in battleTimer Ball
68%
3A somewhat rare Poké Ball that was made as a commemorative item used to celebrate an event of some sort.Premier Ball
64%
3A somewhat different Poké Ball that works especially well on Pokémon species that have been caught before.Repeat Ball
63%
2A Poké Ball that makes caught Pokémon more friendly.Friend Ball
62%
3A particularly comfortable Poké Ball that makes a wild Pokémon quickly grow friendlier after being caught.Luxury Ball
61%
3A somewhat different Poké Ball that becomes more effective the lower the level of the wild Pokémon.Nest Ball
53%
2A Poké Ball for catching Pokémon that are a lower level than your ownLevel Ball
52%
2A Poké Ball that makes it easier to catch Pokémon which are quick to run away.Fast Ball
48%
2A Poké Ball for catching Pokémon hooked by a Rod when fishing.Lure Ball
38%
4A special Poké Ball for the Pal Park.Park Ball
38%
4A quite rare Poké Ball that has been specially crafted to commemorate an occasion of some sort.Cherish Ball
32%
5A special Poké Ball that appears out of nowhere in a bag at the Entree Forest. It can catch any Pokémon.Dream Ball
23%
2A special Poké Ball for the Bug-Catching Contest.Sport Ball
17%

Score Distribution

Percentile by Number Answered

Percent of People with Each Score

Your Score History

You have not taken this quiz